=LDR 00000nam 2200000 4500 =001 INLIS000000000001574 =005 20160715155128.0 =006 =007 =008 Ind =035 ##$$0010-061300000001574 =041 ##$$a Ind =082 ##$$a F Rom K =090 ##$$a F Rom K, Ind-t =100 ##$$a INDIRA, Rembulan =245 ##$$a Tarzan, Rembulan Indira =260 ##$$a 2000 $b Jakarta =300 ##$$a 16 lembar, ilus, 27 cm =650 ##$$a Fiksi =650 ##$$a Kanak-kanak =650 ##$$a Indonesia =850 ##$$a NBPNMAT =990 ##$$a 0001/BPAP-NTB/2016 =990 ##$$a 0001/BPAP-NTB/2016